Größte Städte unter 100.000 Einwohner je Bundesland - Statistiken

Allgemein
  • Dieses Quiz wurde 103 mal gespielt
  • Das Durchschnittsergebnis liegt bei 9 aus 13
Antwortstatistiken
Bundesland Einwohnerzahl Stadt % Korrekt
Mecklenburg-Vorpommern 98.596 Schwerin
90%
Schleswig-Holstein 92.550 Flensburg
87%
Brandenburg 99.515 Cottbus
86%
Thüringen 93.634 Gera
84%
Bayern 79.935 Bamberg
76%
Sachsen 87.388 Zwickau
74%
Hessen 94.146 Gießen
73%
Saarland 46.882 Neunkirchen
69%
Sachsen-Anhalt 79.655 Dessau-Roßlau
67%
Rheinland-Pfalz 84.646 Worms
64%
Niedersaschsen 78.385 Delmenhorst
59%
Baden-Württemnerg 94.941 Esslingen am Neckar
57%
Nordrhein-Westfalen 95.897 Witten
51%
Keine übereinstimmenden Quizze gefunden
Verteilung der Resultate
Anzahl Personen mit jedem Resultat
Perzentil nach korrekt beantworteten Fragen
Ihre Resultats-Entwicklung
Sie haben dieses Quiz noch nicht gespielt